Celoživotné vzdelávanie a rozvoj zamestnancov bakalárska práca

Uložené v:
Podrobná bibliografia
Hlavný autor: Baničová, Jana
Korporativný autor: Fakulta podnikového manažmentu EU. Katedra manažmentu
Ďalší autori: Matulčíková, Marta, 1964-
Médium: Kniha
Jazyk:Slovak
Vydavateľské údaje: Bratislava 2009
Tagy: Pridať tag
Žiadne tagy, Buďte prvý, kto otaguje tento záznam!

MARC

LEADER 00000nam$a2200000$$$4500
001 0103086
005 20240320074907.8
041 0 |a slo 
044 |a SK 
245 1 0 |a Celoživotné vzdelávanie a rozvoj zamestnancov  |b bakalárska práca  |c Jana Baničová ; škol. Marta Matulčíková 
264 1 |a Bratislava  |c 2009 
300 |a 46 s. 
100 1 |a Baničová, Jana 
700 1 |a Matulčíková, Marta, 1964- 
710 2 |a Fakulta podnikového manažmentu EU. Katedra manažmentu